000 00657nam a2200205 a 4500
999 _c4690
_d4690
001 4690
003 BD-JhCC
005 20171129193642.0
008 170930s1972 bg |||| |||| 000 0 ben d
035 _a(BD-JhCC)4690
040 _aBD-JhCC
_dBD-JhCC
041 _aben
082 _a954.9205
_bIBR 1972
100 _aহক, আবুল কাসেম ফজলুল
245 _aমুক্তি সংগ্রাম /
_cআবুল কাসেম ফজলুল হক
260 _aঢাকা :
_bআহমদ পাবলিশিং;
_c১৯৭২
300 _a439 p. :
_c22 cm.
650 _aLiberation War
_zBangladesh
942 _2ddc
_cBK